| 000 | 00380nam a22001337a 4500 | ||
|---|---|---|---|
| 020 | _a0-8247-8002-7 | ||
| 082 | _a658.562 ROB'A | ||
| 100 |
_aMILLER, RICHARD K, ROBINSON, STANLEY L _967525 |
||
| 245 | _aAUTOMATED INSPECTION AND QUALITY ASSURANCE | ||
| 260 |
_aNEWYORK _bMARECL DEKKER _c1989 |
||
| 300 | _a256P | ||
| 650 |
_aENGINEERING INSPECTION AUTOMATION _967526 |
||
| 942 | _cBK | ||
| 999 |
_c575285 _d575285 |
||